| 000 | 00486nam a2200169Ia 4500 | ||
|---|---|---|---|
| 999 |
_c20090 _d20090 |
||
| 003 | OSt | ||
| 005 | 20200701145709.0 | ||
| 008 | 190216s9999||||xx |||||||||||||| ||und|| | ||
| 040 | _coclc | ||
| 082 |
_a909 _bLAN/W |
||
| 100 |
_aLangsam, Walter Consuelo _93396 |
||
| 245 | 4 |
_aThe World Since 1919 / _cWalter Consuelo Langsam |
|
| 250 | _a8th Ed. | ||
| 260 |
_bSurjeet Publications, _c1978. _aDelhi: |
||
| 300 | _a743p | ||
| 942 |
_cBK _2ddc _h909 _iLAN/W _k909 _mLAN/W |
||